000 00386nam a22001457a 4500
005 20231205101103.0
008 231205b |||||||| |||| 00| 0 eng d
082 _a346.540
_bRIZ
100 _aAatir Rizvi
245 _aTransfer of Property Act 1882
_bUnderstanding
_hEnglish
260 _aLahore
_bMuttaqi Printers
_c2013
300 _a228
650 _aSocial Sciences/Law
999 _c34756
_d34756